[Event "Irish Championship 2015"]
[Site "Dublin IRL"]
[Date "2015.07.12"]
[Round "9.8"]
[White "O'Neill, Paul"]
[Black "O'Gorman, Tom"]
[Result "1/2-1/2"]
[WhiteElo "1954"]
[BlackElo "1859"]
[WhiteICU "1728"]
[BlackICU "1861"]
[WhiteClub "Naomh Barr&oacute;g"]
[BlackClub "Dun Laoghaire"]
[WhiteNationality "IRL"]
[BlackNationality "IRL"]
[WhiteFideId "2507692"]
[BlackFideId "2508249"]
[PlyCount "91"]
[EventDate "2015.07.04"]

{ Source: <a
href="https://www.chess-results.com/tnr179720.aspx">Chess-Results.com</a>.
} { Event information: <a
href="https://www.irlchess.com/irlch2015_allfiles/pairings_irlch2015.html">Tournament
report</a>. }

1. e4 c5 2. Nf3 d6 3. d4 cxd4 4. Qxd4 Nc6 5. Bb5 Bd7 6. Bxc6 bxc6 7. c4 c5
8. Qd3 g6 9. Nc3 Bg7 10. O-O Nf6 11. e5 Bf5 12. Qd1 dxe5 13. Nxe5 O-O 14.
Be3 Qc7 15. Nf3 Rfd8 16. Qc1 Bd3 17. Re1 Bxc4 18. Nd1 Bd5 19. Qxc5 Qb7 20.
Nh4 Ne4 21. Qc2 Bf6 22. Nf3 Rac8 23. Qe2 Bc4 24. Qc2 Bd3 25. Qb3 Qxb3 26.
axb3 a6 27. Nd2 Nc5 28. Nc3 Bc2 29. b4 Nd3 30. Nde4 Nxe1 31. Nxf6+ exf6 32.
Rxe1 Rc4 33. Bc5 Kg7 34. h3 Rd2 35. Ra1 Bd3 36. Na4 Rdc2 37. Ra3 Be4 38.
Nb6 Rc1+ 39. Kh2 R4c2 40. Rxa6 Rxb2 41. Nd7 Rd1 42. Nxf6 Bf5 43. Ne8+ Kg8
44. Nf6+ Kg7 45. Ne8+ Kg8 46. Nf6+ 1/2-1/2

[Event "Irish Championship 2015"]
[Site "Dublin IRL"]
[Date "2015.07.12"]
[Round "9.9"]
[White "Crichton, Martin"]
[Black "O'Rourke, Ray"]
[Result "0-1"]
[WhiteElo "1973"]
[BlackElo "1984"]
[BlackICU "1847"]
[WhiteClub "Transport for London ENG"]
[BlackClub "Bray/Greystones"]
[WhiteNationality "IRL"]
[BlackNationality "IRL"]
[WhiteFideId "2500973"]
[BlackFideId "2501023"]
[PlyCount "93"]
[EventDate "2015.07.04"]

{ Source: <a
href="https://www.chess-results.com/tnr179720.aspx">Chess-Results.com</a>.
} { Event information: <a
href="https://www.irlchess.com/irlch2015_allfiles/pairings_irlch2015.html">Tournament
report</a>. }

1. c4 Nf6 2. Nc3 g6 3. Nf3 Bg7 4. g3 d6 5. Bg2 O-O 6. O-O e5 7. d3 Nc6 8.
Bd2 Re8 9. Qc1 Nh5 10. Ng5 h6 11. Nf3 Kh7 12. e4 f5 13. Nd5 f4 14. gxf4 Bg4
15. Qd1 Nd4 16. Ng5+ hxg5 17. Qxg4 c6 18. Nc3 gxf4 19. Ne2 Ne6 20. Bh3 Bh6
21. f3 Nf6 22. Qg2 Ng5 23. Kh1 Rg8 24. Rg1 d5 25. cxd5 cxd5 26. Bc3 Qe7 27.
a3 dxe4 28. dxe4 Nfxe4 29. Bb4 Nxh3 30. Bxe7 Nhf2+ 31. Qxf2 Nxf2+ 32. Kg2
Nd3 33. Rgd1 e4 34. fxe4 Ne5 35. Nd4 Rge8 36. Bd6 Nc4 37. e5 Ne3+ 38. Kf3
Nxd1 39. Rxd1 Rad8 40. Rc1 Rd7 41. Nb5 Bf8 42. Rc4 Bxd6 43. exd6 a6 44. Rc7
Rxc7 45. Nxc7 Rd8 46. Kxf4 Rxd6 47. Ne8 0-1